Delivering off-campus instruction : changing roles and responsibilities of professors in higher education (Record no. 65618)

MARC details
000 -CABECERA
campo de control de longitud fija 00733nam a2200241 a 4500
005 - FECHA Y HORA DE LA ÚLTIMA TRANSACCIÓN
campo de control 20210219153004.0
008 - ELEMENTOS DE LONGITUD FIJA--INFORMACIÓN GENERAL
campo de control de longitud fija 991125n 000 0 u
035 ## - NÚMERO DE CONTROL DEL SISTEMA
Número de control de sistema UPN01000071300
100 ## - ASIENTO PRINCIPAL--NOMBRE PERSONAL
Nombre de persona Caffarella, Rosemary S.
222 ## - TÍTULO CLAVE
Título clave CONTINUING HIGHER EDUCATION REVIEW
245 ## - MENCIÓN DE TÍTULO
Título Delivering off-campus instruction : changing roles and responsibilities of professors in higher education
300 ## - DESCRIPCIÓN FÍSICA
Extensión 155-167
362 ## - FECHAS DE PUBLICACIÓN Y/O DESIGNACIÓN SECUENCIAL
Fecha de publicación y/o designación secuencial 56, No. 3, 1992
505 ## - NOTA DE CONTENIDO CON FORMATO PREESTABLECIDO
Nota de contenido con formato Noviembre 1993
653 0# - TERMINO DE INDIZACION - NO CONTROLADO
Término no controlado CANTIDAD DE TRABAJO DE LA FACULTAD
653 0# - TERMINO DE INDIZACION - NO CONTROLADO
Término no controlado EXTENSION CULTURAL
653 0# - TERMINO DE INDIZACION - NO CONTROLADO
Término no controlado FACULTAD COLEGIAL
653 0# - TERMINO DE INDIZACION - NO CONTROLADO
Término no controlado ROL DEL MAESTRO
700 ## - ASIENTO SECUNDARIO--NOMBRE DE PERSONAL
Nombre de persona Duning, Becky
700 ## - ASIENTO SECUNDARIO--NOMBRE DE PERSONAL
Nombre de persona Patrick, Susan
904 ## - ELEMENTOS DE DATOS D LOCAL, LDD (RLIN)
a AC
b 009111
905 ## - TIPO DE MATERIAL
Tipo de material Articulo

No items available.